000 00786nas a2200229 4500
001 000037537
005 20200930080425.0
008 120423c20009999dr mr1p dd 0 0spa d
040 _aDO-SdBNP
_bspa
_cBNPHU
043 _anwdr
245 0 0 _aTV cable guía.
260 _aSanto Domingo :
_bMinerva de Cocco.,
_c2000
_fAlfa & Omega
300 _av.- :
_bil. ;
_c21 cm.
310 _aMensual
362 1 _a(May. 2000)
500 _aTítulo tomado de la portada
500 _aDirectora: 2000, Minerva de Cocco
500 _aCatalogación basada en : (mayo. 2000)
651 4 _aRepública Dominicana
_xTelevisión Por Cable
_zPublicaciones Periódicas
_963993
650 2 4 _aProgramas de televisión
_xGuías
_vPUBLICACIONES PERIÓDICAS
_963994
700 1 _aCocco, Minerva de,
_edir.
_963995
999 _c37027
_d37027